Κατάλογος Βιβλιοθηκών Mediterranean College

The Skilled Helper / A Problem Management Approach to Helping (Record no. 303)

MARC details
000 -LEADER
fixed length control field 01588cam a22002054a 4500
005 - ΗΜΕΡΟΜΗΝΙΑ ΚΑΙ ΩΡΑ ΤΕΛΕΥΤΑΙΑΣ ΕΝΗΜΕΡΩΣΗΣ
Πεδίο ελέγχου 20250605163931.0
008 - FIXED-LENGTH DATA ELEMENTS--GENERAL INFORMATION
Πεδίο ελέγχου σταθερού μήκους 250528s ||||||||||||||||||||||||d
035 ## - SYSTEM CONTROL NUMBER
System control number 14681
020 ## - ISBN
ISBN 53434948
040 ## - ΠΗΓΗ ΚΑΤΑΛΟΓΟΓΡΑΦΗΣΗΣ
Φορέας πρωτότυπης καταλογογράφησης MC Athens Campus Library
Γλώσσα καταλογογράφησης Ελληνικά, Μοντέρνα (1453-)
Modifying agency MC Athens Campus Library
Κανόνες περιγραφικής καταλογογράφησης AACR2
245 1# - ΤΙΤΛΟΣ ΚΑΙ ΔΗΛΩΣΗ ΥΠΕΥΘΥΝΟΤΗΤΑΣ
Τίτλος The Skilled Helper / A Problem Management Approach to Helping
250 ## - EDITION STATEMENT
Edition statement 6th ed.
260 ## - PUBLICATION, DISTRIBUTION, ETC.
Name of publisher, distributor, etc. Brooks/Cole Publishing Company,
Date of publication, distribution, etc. 1998
300 ## - PHYSICAL DESCRIPTION
Extent 377
520 ## - SUMMARY, ETC.
Summary, etc. Laying the Groundwork, Introduction, Overview of the Helping Model, Stage I of the Helping Model and Advanced Communication Skills, Helping Clients Tell Their Stories, Reluctant and Resistant Clients, The Nature of Challenging - Helping Clients Challenge Themselves, Specific Challenging Skills, The Wisdom of Challenging, Leverage: Helping Clients Work on the Right Things, Helping Clients Determine What They Need and Want, What Do You Need and Want? Possibilities for a Better Future, What Do You Really Want? Moving from Possibilities to Choices, Commitment - What are You Willing to Pay for What You Want?, Helping Clients Work for What They Need and Want, Strategies for Action - What Do I Need to Do to Get What I Need and Want?, Best-Fit Strategies - What Strategies are Best for Me?, Helping Clients Make Plans - What Kind of Plan will Help me Get What I Need and Want?, The Action Arrow: Making It All Happen, Making It All Happen: Helping Clients Get What They Want and Need, Practical Appendices: Further Useful Material, References, Name and Subject Index.
700 1# - ΠΡΟΣΘΕΤΗ ΑΝΑΓΡΑΦΗ--ΦΥΣΙΚΟ ΠΡΟΣΩΠΟ
Personal name Egan Gerard
9 (RLIN) 423
942 ## - ADDED ENTRY ELEMENTS (KOHA)
Koha item type Books
Holdings
Τύπος τεκμηρίου Βιβλιοθήκη Τρέχουσα τοποθεσία Barcode Αριθμός εισαγωγής Ημερομηνία απόκτησης Ταξιθετικό σύμβολο Αριθμός αντιτύπου Κατάσταση απόσυρσης Κατάσταση χαμένου Κατάσταση κατεστραμμένου Μη δανεισμός Σύνολο δανεισμών Ημερομηνία τελευταίας εμφάνισης Η τιμή ισχύει από
Books MC Athens Campus Library MC Athens Campus Library 9780000003027 3651 05/06/2025 158/.3 EGA 1           05/06/2025 05/06/2025

MC Athens Campus Library
Πατησίων 94 & Κοδριγκτώνος 13, 104 34
Πελλήνης 8 & Πατησίων 107, 112 51
Τ: +30 210 8899600

MC Thessaloniki Campus Library
Ίωνος Δραγούμη 21, 54625 | Ίωνος Δραγούμη 15, 54625
Τ: +30 2310 287779 – Τ: +30 2314 440300